Statistics for Classical Composers' First Names

Click here to take the quiz!

General Stats

  • This quiz has been taken 32 times
  • The average score is 24 of 50

Answer Stats

Last NameFirst Name% Correct
BeethovenLudwig (van)
100%
ChopinFrédéric
85%
BartókBéla
81%
BrittenBenjamin
78%
DebussyClaude
74%
BrahmsJohannes
74%
MozartWolfgang Amadeus
74%
LisztFranz
70%
GershwinGeorge
70%
DvořákAntonín
67%
ElgarEdward
67%
BizetGeorges
67%
BerliozHector
67%
MendelssohnFelix
59%
MahlerGustav
59%
Bach (the elder)Johann Sebastian
59%
ProkofievSergei
59%
GriegEdvard
56%
SatieErik
56%
SchubertFranz
56%
HaydnJoseph
56%
SchumannRobert
56%
RachmaninoffSergei
56%
CoplandAaron
52%
BrucknerAnton
52%
Saint-SaënsCamille
52%
StravinskyIgor
52%
RavelMaurice
52%
MussorgskyModest
48%
MonteverdiClaudio
44%
SibeliusJean
44%
Rimsky-KorsakovNikolai
44%
ShostakovichDmitri
41%
BoccheriniLuigi
41%
ScarlattiDomenico
37%
PucciniGiacomo
37%
VivaldiAntonio
33%
SchoenbergArnold
33%
VerdiGiuseppe
33%
BergAlban
30%
IvesCharles
30%
RossiniGioachino
26%
Vaughan WilliamsRalph
26%
WagnerRichard
26%
MessiaenOlivier
22%
HandelGeorge Frideric
11%
TchaikovskyPyotr Ilyich
11%
WebernAnton (von)
7%
VarèseEdgard
7%
LutosławskiWitold
7%

Score Distribution

Percentile by Number Answered

Percent of People with Each Score

Your Score History

You have not taken this quiz